000 00539nam a2200181Ia 4500
999 _c104
_d104
008 190805s9999||||xx |||||||||||||| ||und||
020 _a9780198075554
_cRs. 165.00
040 _aKO
082 0 4 _a423
_bOx25
_223
245 1 0 _aOxford English Mini Dictionary /
_cedited by Catherine Soanes
250 _a7th ed.
260 _aNew Delhi :
_bOxford University Publications,
_c2007, reprinted 2015
300 _a648 p.
_b :
_c; 12 cm.
650 0 _aEnglish language
_vDictionaries
700 1 _aSoanes, Catherine
942 _cBK